000 00642nam a2200253Ia 4500
003 OSt
005 20221007104321.0
006 a|||||r|||| 00| 0
007 ta
008 221006b |||||||| |||| 00| 0 eng d
024 _a15,495
037 _cTextual
040 _aLCO
_cLCO
_beng
041 _2eng
_aeng
082 _aZ2,924, L2
100 _aAhmad Aqil
245 0 _aEquity with Trusts & Specific Relief
250 _a6th
260 _aAllahabad
_bCentral Law Agency India
_c1972
300 _aVarious
650 _aEQUITY
_9684876
942 _hZ2,924, L2
_cTEXL
999 _c1185058
_d1185058